Teoría jurídica crítica norteamericana : una introducción a los Critical Legal Studies /

Estudios críticos del derecho es una escuela de pensamiento jurídico que surge como un movimiento universitario en la década de los setenta en los Estados Unidos, desde donde se cuestionan los fundamentos del derecho, su enseñanza en las facultades, la práctica jurídica y las decisiones judiciales....

Fuld beskrivelse

Guardado en:
Bibliografiske detaljer
Hovedforfatter: Robles Vázquez, Jorge (autor)
Andre forfattere: Tovar Silva, Yvonne Georgina (autor) (autor)
Format: Bog
Sprog:spansk
Udgivet: México : UNAM, Instituto de Investigaciones Jurídicas, 2016, c2016
Serier:(Estudios Jurídicos ; 300)
Fag:
Tags: Tilføj Tag
Ingen Tags, Vær først til at tagge denne postø!

MARC

LEADER 00000nam^a2200000^a^4500
001 000416621
005 20250521000000.0
009 20260310122328.288
020 |a 978-607-02-8574-5 
037 |a Acervo ITESO - Biblioteca 
041 |a ESP 
082 |a 340. 1  |b ROB 
100 |a Robles Vázquez, Jorge  |e (autor) 
245 1 0 |a Teoría jurídica crítica norteamericana :  |b una introducción a los Critical Legal Studies /  |c J. Robles Vázquez, Y.G. Tovar Silva ; presen. de Socorro Apreza Salgado. 
264 4 |a México :  |b UNAM, Instituto de Investigaciones Jurídicas,  |c 2016, c2016 
300 |a XXI, 183 p. 
336 |a texto  |b txt  |2 rdacontenido 
337 |a sin mediación  |b n  |2 rdamedio 
338 |a volumen  |b nc  |2 rdasoporte 
440 1 |a (Estudios Jurídicos ;  |v 300) 
520 |a Estudios críticos del derecho es una escuela de pensamiento jurídico que surge como un movimiento universitario en la década de los setenta en los Estados Unidos, desde donde se cuestionan los fundamentos del derecho, su enseñanza en las facultades, la práctica jurídica y las decisiones judiciales. Se incluye un acercamiento desde esta teoría a los estudios de género y la raza. 
521 |a FIL 2019 DIA 
649 |a XX 
650 |a Resolución Judicial 
650 |a Argumentación Jurídica 
650 |a Género 
650 |a Derecho -  |z EUA -  |x Estudio y Enseñanza 
650 |a Derecho -  |x Interpretación 
650 |a Derecho -  |x Teoría -  |x Tema Principal 
650 |a Derecho -  |x Filosofía 
700 |a Tovar Silva, Yvonne Georgina  |e (autor) 
910 |a Fondo General 
920 |a Impresos - Libros 
930 |a Colección General 
905 |a 101 
901 |a 0500326403  |b IT1  |c ACC  |i C169550  |u 20250521 
902 |a https://opac.biblio.iteso.mx/vufind/Record/000416621